000 00710nab a2200193 4500
001 244442
003 OSt
005 20240730112413.0
007 tu
008 200917s2020|||||||
040 _aDE-2950
_cDE-2950
245 0 0 _aRückkehr ins Hotel "Stadt Frankfurt"
_bSchauspiel. Im August lässt das Eisenbahntheater "Das letzte Kleinod" die unzähligen Geschichten von DDR-Hotels aus Frankfurt und Eisenhüttenstadt für ein paar Tage wieder aufleben/
_cLeonard Palm
264 _c2024
653 _aFrankfurt (Oder)
653 _aEisenbahntheater
653 _aHotel "Stadt Frankfurt"
773 0 _g35. Jahrgang (2024) Nr. 176 vom 30.07.2024, S. 15 mit Foto
_tMärkische Oderzeitung
942 _2z
_cA
999 _c373274
_d373274